Bienvenue à la Médiathèque de Saint-Andiol
banniere
Accueil Recherche avancée Mon compte
handi1 Rechercher dans le catalogue

Filtre   Mots-clés
  Recherche avancée
 
Lister les dernières nouveautés
 
Lister les livres GROS CARACTERES
 
Lister les périodiques (magazines)

handi1 Rapide et furieux

Book Cover
Auteur principal : Jean-Christophe Derrien
Autres auteurs : Furious Jumper
Autres auteurs : Emmanuel Nhieu
Titre : Rapide et furieux
Support : Livres
Langue : Francais
Publié : DL 2024 Soleil Toulon
Series : Furious Jumper
Genre : Bande Dessinée (enfants)
Collection : Furious Jumper
Sujets :
Étiquettes :
Pas de tags
LEADER 01230nam0a2200241 450
001 16868337
010 |a 978-2-302-10260-6  |b rel.  |d 11,5 € 
100 |a 20260529d2026 u u0frey01 ba 
101 0 |a fre 
102 |a FR 
200 0 |a Rapide et furieux  |f scénario, Jean-Christophe Derrien et Furious Jumper  |g dessin, Emmanuel Nhieu - couleurs, Joël Odone 
207 1 |a   
210 |a Toulon  |c Soleil  |d DL 2024 
215 |a 1 vol. (45 p.)  |c ill. en coul.  |d 30 cm 
225 1 |a Furious Jumper  |v 6 
330 |a Après avoir joué toute la nuit à son jeu de course préféré, Furious s'endort et rêve d'un monde où il est pilote. Quand un ami lui propose de participer à un casse, Furious refuse. Mais lorsque sa petite amie est enlevée, notre héros n'a plus vraiment le choix. Il va alors conduire sa voiture préférée et tenter de survivre. Finira-t-il en prison ? Le FBI le surveille de très près ! 
461 0 |t Furious Jumper  |v 6 
700 0 |a Derrien  |b Jean-Christophe  |f 1971-....  |4 70 
701 0 |a Furious Jumper  |4 70 
702 0 |a Nhieu  |b Emmanuel  |f 1974-....  |4 440 
900 |a Bande Dessinée (enfants) 
901 |a Jeunesse 
995 |a Médiathèque  |c Médiathèque  |f 089021895  |h 089021895  |k BD FUR  |o p  |q j  |r az  |e Médiathèque